Sports Quiz

Random Sports or NFL Quiz

NFL Teams - Fit the Pattern Quiz Stats

 Plays Quiz Updated Jul 6, 2020

Support Sporcle.
Go Orange.
Score 0/32 Timer 04:00
0 Plays Today
% Correct
GLS
78.6%
CWBS
76.1%
BCCNRS
75.8%
STLRS
74.6%
LNS
74.6%
RMS
74.1%
JTS
73.5%
JGRS
73.5%
SHWKS
72.7%
BRS
70.4%
CHFS
70.3%
CLTS
70%
PTRTS
69.5%
BLLS
68.9%
RDRS
68.7%
DLPHNS
68.1%
% Correct
BRNCS
67.8%
GNTS
67.7%
BRWNS
65.3%
CRDNLS
64.6%
RDSKNS
63.6%
SNTS
62.4%
CHRGRS
61.8%
VKNGS
61.7%
BNGLS
61.2%
TTNS
61.1%
49RS
60.5%
FLCNS
60.5%
RVNS
60.1%
TXNS
58.6%
PNTHRS
53.6%
PCKRS
51.2%

You're not logged in!

Compare scores with friends on all Sporcle quizzes.
OR
Log In
Forgot?

From the Vault

CSI: Harry Potter

by Hejman

I wonder what the incantations are for 'zoom in' and 'enhance.'
Remove Ads.
Support Sporcle.
Get the best of Sporcle when you Go Orange. This ad-free experience offers more features, more stats, and more fun while also helping to support Sporcle. Thank you for becoming a member.

Show Comments

Extras

Top Quizzes Today


Score Distribution

Your Account Isn't Verified!

In order to create a playlist on Sporcle, you need to verify the email address you used during registration. Go to your Sporcle Settings to finish the process.

Report this User

Report this user for behavior that violates our Community Guidelines.

Details: